| 000 | 00395nam a22001337a 4500 | ||
|---|---|---|---|
| 008 | 260619b |||||||| |||| 00| 0 eng d | ||
| 020 | _a978-902-47-9141-5 | ||
| 100 | _aCEZERILO LUIS | ||
| 245 |
_aObra Poetica de Jose Craveirinha e Eduardo White _bUtopia e liberdade no horizonte do possivel |
||
| 250 | _a1ed | ||
| 260 |
_aMaputo _bTexto Editora _c2008 |
||
| 300 | _a288p | ||
| 942 |
_2udc _cBK |
||
| 999 |
_c56422 _d56421 |
||